Hợp đồng kinh doanh quốc tế

Bewaard in:
Bibliografische gegevens
Hoofdauteur: Nguyễn Trọng Đàn
Formaat: Boek
Taal:Vietnamese
Gepubliceerd in: Đại học Kinh doanh Hà Nội 2000
Tags: Voeg label toe
Geen labels, Wees de eerste die dit record labelt!
Thư viện lưu trữ: Mạng thư viện Đại học Đà Nẵng
LEADER 00707nam a2200265 4500
001 000020528
003 16974
005 20150604150603.0
008 150323s2000 viesd
020 |c 25000 
041 0 |a vie 
082 1 4 |a 341.753  |b NG-Đ 
100 1 |a Nguyễn Trọng Đàn 
245 1 0 |a Hợp đồng kinh doanh quốc tế  |c Nguyễn Trọng Đàn 
246 |a International business contracts 
260 |b Đại học Kinh doanh Hà Nội  |c 2000 
300 |a tr.  |c cm. 
OWN |a LSP 
999 |a From the UDN01 
TYP |a Monograph 
TYP |a Printed language 
980 |a Mạng thư viện Đại học Đà Nẵng